00765nam a2200193Ia 4500003000500000005001700005008004100022020002900063040001400092082001900106245006400125260004800189300004300237490002100280942003300301999001900334952009600353952012200449322820240823124237.0210817s9999 xx 000 0 und d a9781920316464qPaperback aRDAc3228 aJ 595.789 ENGL 0aEnglish-First Additional Language. Grade 11: reading Skills aJohannesburg:bLearning Channel Ltd;c2008. a12 Pagesbillustrationsc21 cme1 disc aLearning channel cBK2ddcy162zElsie Maluleke c103649d103648 00104070aLIBALbLIBALd2021-08-17g282.00l0p33228024638114r2021-08-17w2021-08-17yBK 00102ddc4070aLYDELbGRASLcNon_Fictiond2024-08-23l0oJ 595.789 ENGLp33228031106022r2024-08-23w2024-08-23yBK